000 00622nam a2200229 i 4500
001 C2-0299862
003 PPAK
005 20180728081444.0
008 090902s2008 my a|||| ||||| | may d
020 _a9789836294081
040 _aPPAK
_beng
_cPPAK
_erda
082 0 4 _a600
_223
090 0 0 _a600
_bBAG
_dR
245 0 0 _aBagaimana objek berfungsi
264 1 _aKuala Lumpur :
_bDewan Bahasa dan Pustaka ,
_c2008
300 _a293 pages :
_bcolour illustrations ;
_c28 cm
336 _2rdacontent
_atext
337 _2rdamedia
_aunmediated
338 _2rdacarrier
_avolume
650 1 0 _aTechnology
942 _ddc
_cB
999 _c103784
_d103784